Handbook of Metrology /

Gespeichert in:
Bibliographische Detailangaben
Weitere Verfasser: Gläser, Michael (Herausgegeben von), Kochsiek, Manfred (Herausgegeben von)
Format: Buch
Sprache:Englisch
Veröffentlicht: Weinheim : Wiley-VCH, 2010
Schlagworte:
Tags: Tag hinzufügen
Keine Tags, Fügen Sie das erste Tag hinzu!

MARC

LEADER 00000nam a22000003a 4500
001 stu219584
005 20190206124125.2
008 101217s1994----gw------------------eng-d
020 |a 978-3-527-40666-1 
040 |a STU  |b slo 
041 0 |a eng 
044 |a gw 
080 |a 620.1.08 
100 1 |a Gläser, Michael  |4 edt 
245 1 |a Handbook of Metrology /  |c Ed.: Gläser, M., Kochsiek, M 
260 |a Weinheim :  |b Wiley-VCH,  |c 2010 
300 |a s. 1-408, s. 409-726 
650 7 |a metrológia  |2 stusub 
700 1 |a Kochsiek, Manfred  |4 edt 
996 |b 284EK88577  |c E*88577  |l EE10  |s P  |a 0  |w stu219584_0001 
996 |b 284EK88576  |c E*88576  |l EE10  |s P  |a 0  |w stu219584_0002